Estadísticas para Ciudades con el Mayor Número de Multimillonarios

Haz click aquí para tomar la prueba!

Estadísticas generales

  • Esta prueba ha sido tomada 969 veces
    (409 desde el último reinicio)
  • La puntuación promedio es 17 de 27

Estadísticas de respuestas

#Ciudad% Correcto
123Nueva York
96%
56Londres
94%
21París
93%
60Los Ángeles
92%
23Tokio
89%
58Pekín
88%
74Moscú
86%
36Miami
72%
36Seúl
69%
22Delhi
69%
48Shanghái
69%
15Dubái
68%
90San Francisco
65%
30Singapur
61%
77Hong Kong
57%
31São Paulo
54%
38Bombay
52%
19Boston
52%
29Bangkok
51%
22Estambul
48%
25Dallas
45%
77Cantón / Shenzhen
45%
25Taipéi
43%
16Estocolmo
39%
16Manila
36%
17Tel Aviv
22%
21Hangzhou
10%

Distribución de puntuación

Porcentaje por número respondido

Porcentaje de gente con cada puntuación

Historial de tus puntuaciones

No has tomado esta prueba desde el último reinicio